| 000 | 01155cam a2200229 4500 | ||
|---|---|---|---|
| 001 | WB@3612-72 | ||
| 008 | 040818n2004 000 0 eng u | ||
| 035 | _a(Sirsi) u127097 | ||
| 245 | _aRising tender prices | ||
| 260 | _c2004 | ||
| 490 | _aRICS News ServiceV13 August 2004 (1) | ||
| 520 | _aTender prices for construction work are expected to rise significantly faster than inflation over the next five years, according to the latest "BCIS five year forecast". They are expected to rise by over one and a half times the rate of inflation over the next five years, rising by 21% against a background of 13% general inflation. Public investment is expected to be the main stimulus for growth over the next five years, with the private sector providing increased support in the later years of the forecast. http://www.rics.org/ricscms/bin/show?class=News&te mplate=/includes/shownews.html&id=9684&faculty=RIC S | ||
| 590 | _aWB | ||
| 590 | _aWB | ||
| 650 | _aTENDER PRICES | ||
| 650 | _aTENDER INDICES | ||
| 650 | _aTENDER FORECASTS | ||
| 650 | _aBCIS | ||
| 650 | _aINFLATION | ||
| 690 | _aBUILDING AND CONSTRUCTION-MARKET | ||
| 942 | _n0 | ||
| 999 |
_c117859 _d117859 |
||